000 01372cam a2200337 4500
001 4093744
003 GBCCL
005 20251110144021.0
008 700714m19009999enk b 001 0 eng
020 _a0860121135
020 _a0860121143
020 _a0860121151
035 _a4093744
040 _aDLC
_cDLC
_dDLC
082 0 0 _a248
_bBOU 1
245 1 2 _aA History of Christian spirituality
_c[by] Louis Bouyer [and others. Translated from the French by Barbara Wall].
260 _aLondon,
_bBurns & Oates,
_c<1968-1969 >
300 _a3 volumes ;
_c23 cm.
336 _atext
_btxt
_2rdacontent
337 _aunmediated
_bn
_2rdamedia
338 _avolume
_bnc
_2rdacarrier
490 _3Spiritual life Christianity History of doctrines
500 _aTranslation of Histoire de la spiritualité chrétienne.
504 _aBibliographical footnotes.
505 1 _a--1. The spirituality of the New Testament and the Fathers /translated by Mary P. Ryan.--v. 2. The spirituality of the Middle Ages, by J. Leclercq, F. Vanderbroucke, and L. Bouyer.--3. Orthodox spirituality and Protestant and Anglican spirituality.
650 0 _aSpirituality
_xHistory.
700 1 _aBouyer, Louis,
_d1913-2004.
906 _a7
_bcbc
_corignew
_d4
_encip
_f19
_gy-gencatlg
942 _2ddc
_cBK
_n0
999 _c11006
_d11006